| 000 | 00567nam a22002052 4500 | ||
|---|---|---|---|
| 001 | 0000005942 | ||
| 005 | 20151217152008.0 | ||
| 008 | 070810s xx 000 0 eng d | ||
| 020 |
_a0751306339 : _cKES 400 |
||
| 040 |
_aKABU _cKABU |
||
| 050 | 0 |
_aHD58.8 _b.H45 |
|
| 100 | 1 |
_aHeller, Robert. _@0000150722 |
|
| 245 | 1 | 0 | _aManaging change. |
| 260 |
_aLondon : _bDorling Kindersley, _c1998. |
||
| 300 | _a72 p. | ||
| 650 | 0 |
_aOrganizational change _xManagement. _@0000150843 |
|
| 908 | _a070810 | ||
| 950 | _@1 | ||
| 999 |
_c7131 _d7131 |
||